| 000 | 00936nam a22002417a 4500 | ||
|---|---|---|---|
| 005 | 20080811093945.0 | ||
| 008 | 080910t xxu||||| |||| 00| 0 eng d | ||
| 010 | _aB-284627 | ||
| 020 |
_a9780007251278 _c95.00 |
||
| 035 | _aB-284627 | ||
| 040 |
_aDPL _bEN |
||
| 082 | _aS | ||
| 100 | _aStine, R.L. | ||
| 245 |
_aLose team lose! / _cby R.L. Stine;illustrated by Trip Park |
||
| 260 |
_bHarperCollins Publishers _c2006 _aNew Delhi |
||
| 270 |
_a1A, Hamilton House, Cannaught Place, _bNew Delhi _e110001 |
||
| 300 |
_a124p.: _c20 cm (pbk) _bill. |
||
| 490 | _aRotton School-4 | ||
| 700 | _aPark, Trip | ||
| 942 |
_cCH _hS _2ddc _mSTI |
||
| 999 |
_c15462 _d15462 |
||